000 00198nam a2200085Ia 4500
008 120527s9999 xx 000 0 und d
100 _aSAMUELSONS, et al
245 _aReadings in economic
942 _cBK
999 _c26594
_d26594